000 00666nam a2200193 i 4500
001 49481
003 ES-MaACL
005 20240520134852.0
007 t|
008 030716s1934 sp ||||1| spa d
100 1 _aCossío, José María de,
_d1893-1977
_941017
245 1 3 _aLa obra literaria de Pereda
_b: su historia y su crítica /
_cJosé Mª de Cossío.
260 _a[Sanander] :
_bSociedad de Menéndez y Pelayo,
_c[1934]
300 _a408 p. ;
_c19 cm.
600 1 4 _aPereda, José María de,
_d1833-1906
_xCrítica e interpretación
_990448
710 2 _aSociedad Menéndez Pelayo
_96793
852 _aES-MaACL
_jD-5162
999 _c49481
_d49481